000 00493nam a2200181Ia 4500
005 20250326142558.0
008 250326s9999 xx 000 0 und d
037 _aTextbook
040 _aFMSL
_beng
_cFMSL
041 _aeng
_2eng
084 _aX:97D.44 K7
_qFMSL
100 _aJohri CK
_9744399
245 0 _aUnionism in a developing economy
_cJohri CK
260 _aBombay
_bBombay, Asia
_c1967
300 _a329p
942 _cTB
_hX:97D.44 K7
999 _c1295678
_d1295678